| 000 | 00520nam a2200145Ia 4500 | ||
|---|---|---|---|
| 008 | 170221s9999 xx 000 0 und d | ||
| 100 | _aCarlos E. Jiménez-Angueira | ||
| 245 | 4 | _aThe effect of tax regime changes on the market valuation of tax avoidance? | |
| 245 | _cCarlos E. Jiménez-Angueira, The University of Texas at San Antonio. | ||
| 260 | _bJournal of Management and Marketing Research | ||
| 260 | _c2012 | ||
| 300 | _a12 : 3 | ||
| 650 | _xBusiness | ||
| 856 | _uhttp://www.aabri.com/manuscripts/141828.pdf | ||
| 999 |
_c311692 _d311692 |
||